<?xml version="1.0" encoding="UTF-8"?>
<record
    xmlns:xsi="http://www.w3.org/2001/XMLSchema-instance"
    xsi:schemaLocation="http://www.loc.gov/MARC21/slim http://www.loc.gov/standards/marcxml/schema/MARC21slim.xsd"
    xmlns="http://www.loc.gov/MARC21/slim">

  <leader>02693nam a22002177a 4500</leader>
  <controlfield tag="001">6542</controlfield>
  <controlfield tag="003">FISKH</controlfield>
  <controlfield tag="005">20250508152640.0</controlfield>
  <controlfield tag="008">250508b        cb ||||| |||| 00| 0 eng d</controlfield>
  <datafield tag="040" ind1=" " ind2=" ">
    <subfield code="a">FISKH</subfield>
    <subfield code="b">khr</subfield>
    <subfield code="c">FISKH</subfield>
    <subfield code="d">FISKH</subfield>
  </datafield>
  <datafield tag="082" ind1=" " ind2=" ">
    <subfield code="a">915.09596</subfield>
  </datafield>
  <datafield tag="100" ind1=" " ind2=" ">
    <subfield code="a">Bo, Ma</subfield>
  </datafield>
  <datafield tag="245" ind1=" " ind2=" ">
    <subfield code="a"> &#x178A;&#x17BE;&#x1798;&#x1780;&#x17C6;&#x178E;&#x17BE;&#x178F;&#x17A2;&#x1784;&#x17D2;&#x1782;&#x179A; /</subfield>
    <subfield code="c">&#x179A;&#x17C0;&#x1794;&#x179A;&#x17C0;&#x1784;&#x178A;&#x17C4;&#x1799; &#x1798;&#x17C9;&#x17B6; &#x1794;&#x17BC; &#x1792;&#x17D2;&#x179C;&#x17BE;&#x1780;&#x17B6;&#x179A;&#x1793;&#x17C5;&#x1780;&#x17D2;&#x179A;&#x179F;&#x17BD;&#x1784;&#x17A2;&#x1797;&#x17B7;&#x179A;&#x1780;&#x17D2;&#x179F;&#x17A2;&#x1784;&#x17D2;&#x1782;&#x179A;&#x179F;&#x17C0;&#x1798;&#x179A;&#x17B6;&#x1794;</subfield>
  </datafield>
  <datafield tag="260" ind1=" " ind2=" ">
    <subfield code="a">&#x1797;&#x17D2;&#x1793;&#x17C6;&#x1796;&#x17C1;&#x1789;&#x200B; : </subfield>
    <subfield code="c">&#x17E1;&#x17E9;&#x17E6;&#x17E9;&#x200B; . </subfield>
  </datafield>
  <datafield tag="300" ind1=" " ind2=" ">
    <subfield code="a">150 pages : </subfield>
    <subfield code="b">illustrations ; </subfield>
    <subfield code="c">20 cm . </subfield>
  </datafield>
  <datafield tag="520" ind1=" " ind2=" ">
    <subfield code="a">&#x179F;&#x17C0;&#x179C;&#x1797;&#x17C5; &#xAB;&#x178A;&#x17BE;&#x1798;&#x1780;&#x17C6;&#x178E;&#x17BE;&#x178F;&#x17A2;&#x1784;&#x17D2;&#x1782;&#x179A;&#xBB; &#x178A;&#x17C2;&#x179B;&#x179A;&#x17C0;&#x1794;&#x179A;&#x17C0;&#x1784;&#x178A;&#x17C4;&#x1799; &#x1798;&#x17C9;&#x17B6;&#x179A; &#x1794;&#x17BC; &#x1782;&#x17BA;&#x1787;&#x17B6;&#x179F;&#x17C0;&#x179C;&#x1797;&#x17C5;&#x178A;&#x17C2;&#x179B;&#x1795;&#x17D2;&#x178F;&#x17C4;&#x178F;&#x179B;&#x17BE;&#x1780;&#x17B6;&#x179A;&#x179F;&#x17B7;&#x1780;&#x17D2;&#x179F;&#x17B6;&#x1796;&#x17B8;&#x1794;&#x17D2;&#x179A;&#x179C;&#x178F;&#x17D2;&#x178F;&#x17B7;&#x179F;&#x17B6;&#x179F;&#x17D2;&#x178F;&#x17D2;&#x179A;&#x1793;&#x17C3;&#x17A2;&#x1784;&#x17D2;&#x1782;&#x179A;&#x179C;&#x178F;&#x17D2;&#x178F; &#x1793;&#x17B7;&#x1784;&#x17A2;&#x17B6;&#x178E;&#x17B6;&#x1785;&#x1780;&#x17D2;&#x179A;&#x1781;&#x17D2;&#x1798;&#x17C2;&#x179A;&#x1794;&#x17BB;&#x179A;&#x17B6;&#x178E;&#x17D4; &#x179C;&#x17B6;&#x1794;&#x1784;&#x17D2;&#x17A0;&#x17B6;&#x1789;&#x1796;&#x17B8;&#x178A;&#x17BE;&#x1798;&#x1780;&#x17C6;&#x178E;&#x17BE;&#x178F; &#x1793;&#x17B7;&#x1784;&#x1780;&#x17B6;&#x179A;&#x17A2;&#x1797;&#x17B7;&#x179C;&#x178C;&#x17D2;&#x178D;&#x1793;&#x17CD;&#x179A;&#x1794;&#x179F;&#x17CB;&#x17A2;&#x1784;&#x17D2;&#x1782;&#x179A;&#x1787;&#x17B6;&#x179F;&#x17D2;&#x1793;&#x17B6;&#x178A;&#x17C3;&#x179F;&#x17D2;&#x1790;&#x17B6;&#x1794;&#x178F;&#x17D2;&#x1799;&#x1780;&#x1798;&#x17D2;&#x1798; &#x1793;&#x17B7;&#x1784;&#x179C;&#x1794;&#x17D2;&#x1794;&#x1792;&#x1798;&#x17CC;&#x1781;&#x17D2;&#x1798;&#x17C2;&#x179A;&#x17D4; &#x179F;&#x17C0;&#x179C;&#x1797;&#x17C5;&#x1793;&#x17C1;&#x17C7;&#x1795;&#x17D2;&#x178F;&#x179B;&#x17CB;&#x1796;&#x17D0;&#x178F;&#x17CC;&#x1798;&#x17B6;&#x1793;&#x179B;&#x1798;&#x17D2;&#x17A2;&#x17B7;&#x178F;&#x17A2;&#x17C6;&#x1796;&#x17B8;&#x179F;&#x17D2;&#x1790;&#x17B6;&#x1794;&#x178F;&#x17D2;&#x1799;&#x1780;&#x1798;&#x17D2;&#x1798; &#x1794;&#x17BB;&#x1796;&#x17D2;&#x179C;&#x1794;&#x17BB;&#x179A;&#x179F; &#x1793;&#x17B7;&#x1784;&#x1796;&#x17D2;&#x179A;&#x17B9;&#x178F;&#x17D2;&#x178F;&#x17B7;&#x1780;&#x17B6;&#x179A;&#x178E;&#x17CD;&#x179F;&#x17C6;&#x1781;&#x17B6;&#x1793;&#x17CB;&#x17D7;&#x178A;&#x17C2;&#x179B;&#x1794;&#x17B6;&#x1793;&#x1780;&#x17BE;&#x178F;&#x17A1;&#x17BE;&#x1784;&#x1793;&#x17C5;&#x1780;&#x17D2;&#x1793;&#x17BB;&#x1784;&#x17A2;&#x1784;&#x17D2;&#x1782;&#x179A;&#x17D4;


&#x179F;&#x17C0;&#x179C;&#x1797;&#x17C5;&#x1793;&#x17C1;&#x17C7;&#x1798;&#x17B6;&#x1793;&#x178F;&#x1798;&#x17D2;&#x179B;&#x17C3;&#x179F;&#x1798;&#x17D2;&#x179A;&#x17B6;&#x1794;&#x17CB;&#x17A2;&#x17D2;&#x1793;&#x1780;&#x179F;&#x17D2;&#x179A;&#x17B6;&#x179C;&#x1787;&#x17D2;&#x179A;&#x17B6;&#x179C; &#x1793;&#x17B7;&#x1784;&#x17A2;&#x17D2;&#x1793;&#x1780;&#x1785;&#x17B6;&#x1794;&#x17CB;&#x17A2;&#x17B6;&#x179A;&#x1798;&#x17D2;&#x1798;&#x178E;&#x17CD;&#x179B;&#x17BE;&#x1794;&#x17D2;&#x179A;&#x179C;&#x178F;&#x17D2;&#x178F;&#x17B7;&#x179F;&#x17B6;&#x179F;&#x17D2;&#x178F;&#x17D2;&#x179A;&#x1793;&#x17B7;&#x1784;&#x179C;&#x1794;&#x17D2;&#x1794;&#x1792;&#x1798;&#x17CC;&#x1781;&#x17D2;&#x1798;&#x17C2;&#x179A;&#x17D4; &#x179C;&#x17B6;&#x1787;&#x17B6;&#x17A7;&#x1794;&#x1780;&#x179A;&#x178E;&#x17CD;&#x178A;&#x17CF;&#x1798;&#x17B6;&#x1793;&#x178F;&#x1798;&#x17D2;&#x179B;&#x17C3;&#x179F;&#x1798;&#x17D2;&#x179A;&#x17B6;&#x1794;&#x17CB;&#x1780;&#x17B6;&#x179A;&#x179F;&#x17B7;&#x1780;&#x17D2;&#x179F;&#x17B6;&#x1793;&#x17B7;&#x1784;&#x1780;&#x17B6;&#x179A;&#x179F;&#x17D2;&#x179A;&#x17B6;&#x179C;&#x1787;&#x17D2;&#x179A;&#x17B6;&#x179C;&#x17A2;&#x17C6;&#x1796;&#x17B8;&#x17A2;&#x1784;&#x17D2;&#x1782;&#x179A;&#x179C;&#x178F;&#x17D2;&#x178F; &#x1793;&#x17B7;&#x1784;&#x17A2;&#x17B6;&#x178E;&#x17B6;&#x1785;&#x1780;&#x17D2;&#x179A;&#x1781;&#x17D2;&#x1798;&#x17C2;&#x179A;&#x17D4;</subfield>
  </datafield>
  <datafield tag="520" ind1=" " ind2=" ">
    <subfield code="a">The book "The Origins of Angkor", compiled by Mar Bo, focuses on the study of the history of Angkor Wat and the ancient Khmer Empire. It explores the origins and development of Angkor as a masterpiece of Khmer architecture and culture. The book provides detailed information about architecture, key historical figures, and important events that took place in Angkor.

This book is valuable for researchers and those interested in Khmer history and culture. It serves as a meaningful resource for studying and researching Angkor Wat and the Khmer Empire.</subfield>
  </datafield>
  <datafield tag="650" ind1=" " ind2=" ">
    <subfield code="a">&#x178A;&#x17BE;&#x1798;&#x1780;&#x17C6;&#x178E;&#x17BE;&#x178F;&#x17A2;&#x1784;&#x17D2;&#x1782;&#x179A;</subfield>
  </datafield>
  <datafield tag="942" ind1=" " ind2=" ">
    <subfield code="2">ddc</subfield>
    <subfield code="c">KHB</subfield>
    <subfield code="n">0</subfield>
  </datafield>
  <datafield tag="999" ind1=" " ind2=" ">
    <subfield code="c">6542</subfield>
    <subfield code="d">6542</subfield>
  </datafield>
  <datafield tag="952" ind1=" " ind2=" ">
    <subfield code="0">0</subfield>
    <subfield code="1">0</subfield>
    <subfield code="2">ddc</subfield>
    <subfield code="4">0</subfield>
    <subfield code="7">0</subfield>
    <subfield code="8">KH</subfield>
    <subfield code="a">002</subfield>
    <subfield code="b">002</subfield>
    <subfield code="c">SKB</subfield>
    <subfield code="d">2025-05-08</subfield>
    <subfield code="l">0</subfield>
    <subfield code="o">BO 915.09596</subfield>
    <subfield code="p">FISSE01761</subfield>
    <subfield code="r">2025-05-08 15:26:37</subfield>
    <subfield code="t">1</subfield>
    <subfield code="w">2025-05-08</subfield>
    <subfield code="y">KHB</subfield>
  </datafield>
  <datafield tag="952" ind1=" " ind2=" ">
    <subfield code="0">0</subfield>
    <subfield code="1">0</subfield>
    <subfield code="2">ddc</subfield>
    <subfield code="4">0</subfield>
    <subfield code="7">0</subfield>
    <subfield code="8">KH</subfield>
    <subfield code="a">002</subfield>
    <subfield code="b">002</subfield>
    <subfield code="c">SKB</subfield>
    <subfield code="d">2025-05-21</subfield>
    <subfield code="l">0</subfield>
    <subfield code="o">BO 915.09596</subfield>
    <subfield code="p">FISSE01756</subfield>
    <subfield code="r">2025-05-21 12:15:31</subfield>
    <subfield code="t">2</subfield>
    <subfield code="w">2025-05-21</subfield>
    <subfield code="y">KHB</subfield>
  </datafield>
</record>
